[Event "AUT-ch Blitz"]
[Site "Graz"]
[Date "2021.06.06"]
[Round "1"]
[White "Peyrer, Konstantin"]
[Black "Wagner, Oliver"]
[Result "1-0"]
[WhiteElo "2259"]
[BlackElo "2045"]
[PlyCount "83"]
[EventDate "2021.06.06"]
[EventType "swiss (blitz)"]
[EventRounds "11"]
[EventCountry "AUT"]
[SourceTitle "CBM 202 Extra"]
[Source "ChessBase"]
[SourceDate "2021.07.31"]
[SourceVersion "1"]
[SourceVersionDate "2021.07.31"]
[SourceQuality "1"]

1. d4 Nf6 2. Bf4 e6 3. e3 d5 4. Nf3 Bd6 5. Bg3 0-0 6. Nbd2 c5 7. c3 b6 8. Bd3 Ba6 9. Bxa6 Nxa6 10. 0-0 Nc7 11. Ne5 c4 12. f4 b5 13. Bh4 Be7 14. Qf3 Qd6 15. Rae1 a5 16. f5 Nd7 17. Nxd7 Bxh4 18. Nxf8 Bxe1 19. Rxe1 Rxf8 20. e4 exf5 21. Qxf5 Qe6 22. Qf2 Re8 23. e5 b4 24. Nf3 bxc3 25. bxc3 Nb5 26. Qb2 Qc6 27. Rb1 Nc7 28. Qb7 Qd7 29. Rb6 g5 30. Nxg5 Qg4 31. Nf3 Qf4 32. Qxc7 Qe3+ 33. Kf1 Qc1+ 34. Kf2 Qxc3 35. Kg3 Qd3 36. Rf6 Kh8 37. Qxf7 Rg8+ 38. Kh3 Qe2 39. g3 Qe4 40. Qh5 Qb1 41. Ng5 c3 42. Nf7+ 1-0

[Event "Steyr Landesliga 1920"]
[Site "Austria"]
[Date "2020.02.08"]
[Round "8.6"]
[White "Steiner, Peter"]
[Black "Wagner, Oliver"]
[Result "1/2-1/2"]
[WhiteElo "1950"]
[BlackElo "2043"]
[PlyCount "107"]
[EventDate "2019.09.28"]
[EventType "team-tourn"]
[EventRounds "11"]
[EventCountry "AUT"]
[SourceTitle "CBM 195 Extra"]
[Source "ChessBase"]
[SourceDate "2020.05.31"]
[SourceVersion "1"]
[SourceVersionDate "2020.05.31"]
[SourceQuality "1"]
[WhiteTeam "Pinggau Friedberg"]
[BlackTeam "Leoben"]
[WhiteTeamCountry "AUT"]
[BlackTeamCountry "AUT"]

1. e4 e6 2. f4 d5 3. e5 g5 4. d4 c5 5. c3 Nc6 6. fxg5 cxd4 7. cxd4 Nge7 8. Nf3 Qb6 9. g4 h5 10. gxh6 Bxh6 11. Bxh6 Rxh6 12. Qd2 Rg6 13. h3 Bd7 14. Nc3 Na5 15. b3 Rc8 16. Bd3 Rg8 17. Rc1 a6 18. 0-0 Qb4 19. Ne4 Qxd2 20. Nd6+ Kf8 21. Nxd2 Rxc1 22. Rxc1 Nec6 23. Nf3 Ke7 24. g5 Nxd4 25. Nxd4 Rxg5+ 26. Kf2 Rxe5 27. Nc8+ Kd8 28. Nb6 Rh5 29. Kg3 e5 30. Nxd7 Kxd7 31. Kg4 Rh8 32. Rc5 Kd6 33. Rxa5 exd4 34. Ra4 Ke5 35. Rb4 f5+ 36. Kg3 f4+ 37. Kg2 Rg8+ 38. Kf2 Rg3 39. Bf1 b5 40. a4 Re3 41. axb5 axb5 42. Rxb5 d3 43. h4 d2 44. Be2 Rh3 45. h5 Rh2+ 46. Kf1 Kd4 47. Rb6 Kc3 48. Rc6+ Kd4 49. h6 Rh3 50. Kg1 f3 51. Bd1 Ke3 52. Re6+ Kf4 53. Rf6+ Ke3 54. Re6+ 1/2-1/2

[Event "Steyr Landesliga 1819"]
[Site "Austria"]
[Date "2018.10.27"]
[Round "3.5"]
[White "Schrittwieser, Herbert"]
[Black "Wagner, Oliver"]
[Result "1/2-1/2"]
[WhiteElo "2182"]
[BlackElo "2017"]
[PlyCount "103"]
[EventDate "2018.10.06"]
[EventType "team-tourn"]
[EventRounds "11"]
[EventCountry "AUT"]
[SourceTitle "CBM 187 Extra"]
[Source "ChessBase"]
[SourceDate "2018.11.04"]
[SourceVersion "1"]
[SourceVersionDate "2018.11.04"]
[SourceQuality "1"]
[WhiteTeam "Graz Austria"]
[BlackTeam "Leoben"]
[WhiteTeamCountry "AUT"]
[BlackTeamCountry "AUT"]

1. Nf3 Nf6 2. g3 d5 3. Bg2 e6 4. 0-0 Be7 5. d4 0-0 6. c4 dxc4 7. Qc2 b5 8. a4 c6 9. Rd1 Bb7 10. Nc3 a6 11. e4 h6 12. Be3 Bb4 13. Ne5 Bxc3 14. Qxc3 Qe7 15. b3 cxb3 16. Nd3 Nbd7 17. f3 Nb6 18. a5 Nc4 19. Bf2 Nd7 20. f4 b2 21. Ra2 c5 22. dxc5 Rfd8 23. Nxb2 Nxb2 24. Rxb2 Rac8 25. Rbd2 Nb8 26. Rd6 Qxd6 27. Rxd6 Rxd6 28. Bf3 Rdd8 29. Bd4 Nd7 30. Bxg7 Rxc5 31. Qa1 Rdc8 32. Kg2 Kh7 33. Qd4 R8c7 34. Bh8 e5 35. Bxe5 Nxe5 36. fxe5 Rc4 37. Qd6 R4c6 38. Qd8 Rc2+ 39. Kh3 Bc8+ 40. Bg4 Bxg4+ 41. Kxg4 b4 42. Qd5 R2c5 43. Qb3 Rb7 44. Kf4 Rxa5 45. h4 Rc5 46. e6 a5 47. exf7 Kg7 48. f8B+ Kxf8 49. Qe6 Kg7 50. e5 Rf7+ 51. Kg4 a4 52. h5 1/2-1/2

[Event "Steyr Landesliga 1516"]
[Site "Austria"]
[Date "2016.04.09"]
[Round "10.7"]
[White "Lymysalo, Venla"]
[Black "Wagner, Oliver"]
[Result "0-1"]
[WhiteElo "1660"]
[BlackElo "2035"]
[PlyCount "114"]
[EventDate "2015.09.26"]
[EventType "team-tourn"]
[EventRounds "11"]
[EventCountry "AUT"]
[SourceTitle "EXT 2017"]
[Source "ChessBase"]
[SourceDate "2016.10.25"]
[SourceVersion "1"]
[SourceVersionDate "2016.10.25"]
[SourceQuality "1"]
[WhiteTeam "Graz Styria"]
[BlackTeam "Leoben"]
[WhiteTeamCountry "AUT"]
[BlackTeamCountry "AUT"]

1. d4 d5 2. c4 e6 3. Nc3 Nf6 4. cxd5 exd5 5. Bg5 Nbd7 6. e3 c6 7. Bd3 Be7 8. Qc2 0-0 9. Nf3 Re8 10. 0-0 Nf8 11. Rab1 a5 12. a3 N6d7 13. Bxe7 Qxe7 14. Na4 Qd6 15. Rfc1 Re6 16. b4 axb4 17. axb4 b5 18. Nc5 Rh6 19. e4 dxe4 20. Nxe4 Qf4 21. Rb3 Ra2 22. Rb2 Ra3 23. Rd1 Nb6 24. Ra2 Rxa2 25. Qxa2 Bg4 26. Qd2 Qc7 27. Ng3 Nd5 28. Rc1 Qd6 29. Ne5 Bd7 30. Bf5 Be8 31. Nd3 Qf6 32. Ne5 Qe7 33. Ng4 Rh4 34. Ne5 Qxb4 35. Qg5 Qe7 36. Qd2 Rh6 37. Ng4 Rh4 38. Ne5 Qa7 39. Nxc6 Bxc6 40. Rxc6 Rxd4 41. Qe2 Qa1+ 42. Nf1 Nc3 43. Qf3 b4 44. Rc8 g6 45. Be6 Rf4 46. Qe3 fxe6 47. g3 Rf6 48. Qe5 Rxf2 49. Rxf8+ Rxf8 50. Qxe6+ Rf7 51. Qe8+ Kg7 52. Qe5+ Rf6 53. Qc7+ Kh6 54. Qc4 Qa7+ 55. Kh1 Qb7+ 56. Kg1 Qe4 57. Qc5 Ne2# 0-1

[Event "Steyr Landesliga 1415"]
[Site "Austria"]
[Date "2015.02.07"]
[Round "7.7"]
[White "Wagner, Oliver"]
[Black "Bloder, Florian"]
[Result "1-0"]
[WhiteElo "2042"]
[BlackElo "1875"]
[PlyCount "89"]
[EventDate "2014.09.27"]
[EventType "team-tourn"]
[EventRounds "11"]
[EventCountry "AUT"]
[SourceTitle "EXT 2016"]
[Source "ChessBase"]
[SourceDate "2015.10.08"]
[SourceVersion "1"]
[SourceVersionDate "2015.10.08"]
[SourceQuality "1"]
[WhiteTeam "Leoben"]
[BlackTeam "Gleisdorf"]
[WhiteTeamCountry "AUT"]
[BlackTeamCountry "AUT"]

1. d4 d5 2. Nf3 Nf6 3. c4 c6 4. Nc3 e6 5. Bg5 h6 6. Bh4 g5 7. Bg3 dxc4 8. e3 b5 9. a4 Bb4 10. Nd2 Bxc3 11. bxc3 Bb7 12. Qf3 g4 13. Qf4 Nbd7 14. Bh4 Qb8 15. Qxb8+ Rxb8 16. axb5 cxb5 17. Rxa7 Bd5 18. f3 gxf3 19. gxf3 0-0 20. e4 Bc6 21. Rg1+ Kh7 22. e5 Nh5 23. Ne4 Ra8 24. Rc7 Rfc8 25. Rxc8 Rxc8 26. Rg2 Ra8 27. Rb2 Bxe4 28. fxe4 Ra1+ 29. Kf2 Nb6 30. Rxb5 Na4 31. Rb7 Kg6 32. Bxc4 Nxc3 33. Ke3 Rh1 34. d5 Rxh2 35. d6 Rxh4 36. d7 Rh3+ 37. Kd4 Na4 38. d8Q Ng3 39. Qf6+ Kh5 40. Qxf7+ Kh4 41. Bxe6 Ne2+ 42. Kd5 Rd3+ 43. Kc6 Nd4+ 44. Kc7 Nc5 45. Qf4+ 1-0

[Event "Latschach op 28th"]
[Site "Latschach"]
[Date "2012.08.13"]
[Round "4"]
[White "Wagner, Oliver"]
[Black "Turian, Hans"]
[Result "0-1"]
[WhiteElo "2090"]
[BlackElo "1977"]
[PlyCount "124"]
[EventDate "2012.08.11"]
[EventType "swiss"]
[EventRounds "9"]
[EventCountry "AUT"]
[SourceTitle "CBM 149 Extra"]
[Source "ChessBase"]
[SourceDate "2012.08.24"]
[SourceVersion "1"]
[SourceVersionDate "2012.08.24"]
[SourceQuality "1"]

1. d4 Nf6 2. Nf3 b6 3. e3 Bb7 4. c4 e6 5. Nc3 Bb4 6. Bd3 Ne4 7. Qc2 f5 8. 0-0 Bxc3 9. bxc3 0-0 10. Bxe4 Bxe4 11. Qe2 d6 12. Nd2 Bb7 13. e4 Qe8 14. Re1 Nd7 15. Ba3 Qg6 16. f3 Rfe8 17. Rab1 Ba6 18. Qd1 Nf6 19. Re3 Nh5 20. Qe1 f4 21. Re2 e5 22. Qd1 Qf6 23. Qa4 Bb7 24. c5 exd4 25. cxd4 dxc5 26. dxc5 Bd5 27. Ree1 Bf7 28. Bb2 Qh4 29. Nc4 Qe7 30. Ba3 Qh4 31. Qc2 Re6 32. Nd2 Rh6 33. Nf1 Rg6 34. cxb6 cxb6 35. Kh1 Be6 36. Red1 Rc8 37. Qb2 Ng3+ 38. Kg1 Nxf1 39. Rxf1 Rh6 40. Rbc1 Qxh2+ 41. Kf2 Re8 42. Rh1 Qg3+ 43. Kg1 Rxh1+ 44. Kxh1 Qh4+ 45. Kg1 Rd8 46. Bd6 Qg5 47. Qd2 Bh3 48. e5 Be6 49. Rc7 Qf5 50. Rxa7 Rc8 51. Bc7 h5 52. Ra4 Rf8 53. a3 Kh7 54. Rb4 Rf7 55. Bd6 g5 56. Rxb6 g4 57. Qd1 Rg7 58. Qb1 Qxb1+ 59. Rxb1 gxf3 60. a4 Rxg2+ 61. Kh1 Bd5 62. Rd1 f2 0-1

[Event "Latschach op 28th"]
[Site "Latschach"]
[Date "2012.08.12"]
[Round "3"]
[White "Mencinger, Vojko"]
[Black "Wagner, Oliver"]
[Result "1-0"]
[WhiteElo "2373"]
[BlackElo "2090"]
[PlyCount "93"]
[EventDate "2012.08.11"]
[EventType "swiss"]
[EventRounds "9"]
[EventCountry "AUT"]
[SourceTitle "CBM 149 Extra"]
[Source "ChessBase"]
[SourceDate "2012.08.24"]
[SourceVersion "1"]
[SourceVersionDate "2012.08.24"]
[SourceQuality "1"]

1. e4 e6 2. d4 d5 3. Nd2 Nf6 4. e5 Nfd7 5. Bd3 c5 6. c3 Nc6 7. Ne2 cxd4 8. cxd4 f6 9. exf6 Nxf6 10. Nf3 Bd6 11. 0-0 0-0 12. Bf4 Bxf4 13. Nxf4 Ne4 14. g3 Ng5 15. Nxg5 Qxg5 16. Ne2 e5 17. dxe5 Qxe5 18. Qd2 Bg4 19. f4 Qf6 20. Rac1 Rad8 21. b4 Rfe8 22. Rf2 Bxe2 23. Bxe2 Qd4 24. Qxd4 Nxd4 25. Bg4 Kf8 26. Rd2 Nc6 27. b5 Na5 28. Bf3 d4 29. Rc5 Re1+ 30. Kf2 Rb1 31. Be4 Rb4 32. Bxh7 Nc4 33. Re2 Ne3 34. Bd3 Rd7 35. Kf3 b6 36. Rc6 Ke7 37. f5 Rd6 38. g4 Kd7 39. g5 Rd5 40. Rg6 Nxf5 41. Kf4 Rbxb5 42. Bxb5+ Rxb5 43. h4 Nxh4 44. Rxg7+ Kd6 45. Re8 Ng2+ 46. Ke4 Ne3 47. Rd8+ 1-0

[Event "Steyr Landesliga 1112"]
[Site "Austria"]
[Date "2012.04.14"]
[Round "10.6"]
[White "Wagner, Oliver"]
[Black "Vilits, Andreas"]
[Result "1-0"]
[WhiteElo "2113"]
[BlackElo "2139"]
[PlyCount "79"]
[EventDate "2011.09.24"]
[EventType "team-tourn"]
[EventRounds "11"]
[EventCountry "AUT"]
[SourceTitle "EXT 2015"]
[Source "ChessBase"]
[SourceDate "2014.11.20"]
[SourceVersion "1"]
[SourceVersionDate "2014.11.20"]
[SourceQuality "1"]
[WhiteTeam "Leoben"]
[BlackTeam "Graz Schachfreunde"]
[WhiteTeamCountry "AUT"]
[BlackTeamCountry "AUT"]

1. d4 Nf6 2. Nf3 d5 3. c4 c6 4. Nc3 dxc4 5. a4 Bf5 6. Ne5 e6 7. g3 Bb4 8. Bg2 Be4 9. f3 Bg6 10. 0-0 Nd5 11. Bd2 Nb6 12. Be1 N8d7 13. a5 Bxc3 14. Bxc3 Nd5 15. Nxc4 0-0 16. e4 Nxc3 17. bxc3 Qc7 18. f4 Nf6 19. Qe2 Bh5 20. Qe3 Ng4 21. Qd2 f5 22. a6 b5 23. Na5 Be8 24. Rfe1 Rd8 25. Nb7 Rb8 26. Nc5 Bf7 27. exf5 exf5 28. Ne6 Bxe6 29. Rxe6 Rf6 30. Rae1 Rxe6 31. Rxe6 Rb6 32. Qa2 Kf8 33. h3 Nh6 34. Qe2 Qd7 35. d5 cxd5 36. Rxb6 axb6 37. Qa2 Qa7 38. Qxd5 Qxa6 39. Qd8+ Kf7 40. Bd5+ 1-0

[Event "Obersteyr-ch"]
[Site "Muerzhofen"]
[Date "2012.01.05"]
[Round "3"]
[White "Fischer, Karl"]
[Black "Wagner, Oliver"]
[Result "1/2-1/2"]
[WhiteElo "1896"]
[BlackElo "2087"]
[PlyCount "140"]
[EventDate "2012.01.04"]
[EventType "swiss"]
[EventRounds "7"]
[EventCountry "AUT"]
[SourceTitle "EXT 2014"]
[Source "ChessBase"]
[SourceDate "2013.11.20"]
[SourceVersion "1"]
[SourceVersionDate "2013.11.20"]
[SourceQuality "1"]

1. e4 e6 2. d4 d5 3. exd5 exd5 4. Bd3 Nc6 5. c3 Bd6 6. Nf3 Nge7 7. Qc2 Bg4 8. Nbd2 Qd7 9. 0-0 0-0-0 10. b4 Bf5 11. Bxf5 Qxf5 12. Qxf5+ Nxf5 13. Re1 f6 14. Bb2 h5 15. a4 Rde8 16. Rxe8+ Rxe8 17. Re1 Re7 18. Rxe7 Ncxe7 19. g3 g5 20. Ne1 Kd7 21. Nd3 b6 22. Kf1 Ng6 23. Ke2 Ke6 24. Nf1 Bf8 25. Bc1 Nd6 26. f3 Nc4 27. Ne3 Nxe3 28. Bxe3 Bd6 29. Kf2 Kf5 30. Kg2 g4 31. Kf2 Nf8 32. Bf4 Ne6 33. Bxd6 cxd6 34. Ke3 gxf3 35. h3 Ng5 36. Nf4 f2 37. Kxf2 Ne4+ 38. Kf3 Nxc3 39. Nxh5 Nxa4 40. Ng7+ Kg6 41. Ne8 Nc3 42. Nxd6 a5 43. bxa5 bxa5 44. Nb7 a4 45. Nc5 a3 46. Nb3 a2 47. Ke3 Ne4 48. Kf4 Ng5 49. h4 Ne6+ 50. Ke3 Kh5 51. Kd3 Kg4 52. Kc3 Kxg3 53. h5 f5 54. h6 Ng5 55. Kb2 f4 56. Kxa2 Kf3 57. Kb2 Ke2 58. Kc2 f3 59. Nd2 f2 60. Kc3 Ke3 61. Nf1+ Ke4 62. Nd2+ Kf5 63. Kd3 Kg6 64. Ke2 Nh3 65. Kf1 Kxh6 66. Kg2 Ng5 67. Kxf2 Kg6 68. Ke3 Ne6 69. Nb1 Kf7 70. Nc3 Ke8 1/2-1/2

[Event "Steyr Landesliga 1112"]
[Site "Austria"]
[Date "2011.10.29"]
[Round "4.5"]
[White "Wagner, Oliver"]
[Black "Dobay, Klaus"]
[Result "1-0"]
[WhiteElo "2113"]
[BlackElo "2069"]
[PlyCount "97"]
[EventDate "2011.09.24"]
[EventType "team-tourn"]
[EventRounds "11"]
[EventCountry "AUT"]
[SourceTitle "EXT 2013"]
[Source "ChessBase"]
[SourceDate "2012.11.22"]
[SourceVersion "1"]
[SourceVersionDate "2012.11.22"]
[SourceQuality "1"]
[WhiteTeam "Leoben"]
[BlackTeam "Graz Austria"]
[WhiteTeamCountry "AUT"]
[BlackTeamCountry "AUT"]

1. d4 c6 2. Nf3 d5 3. e3 Nf6 4. c4 Bg4 5. cxd5 cxd5 6. Qb3 Qc8 7. Nc3 Bxf3 8. gxf3 e6 9. e4 dxe4 10. fxe4 Be7 11. Rg1 Kf8 12. e5 Nfd7 13. Be3 Nc6 14. 0-0-0 Nb6 15. Kb1 Na5 16. Qc2 Nac4 17. Qe4 Nxe3 18. fxe3 Bb4 19. Qg4 Rg8 20. Ne4 Be7 21. Rg3 Qc6 22. Rc1 Qd7 23. Rf3 Nd5 24. Qh5 f5 25. exf6 Bxf6 26. Qxh7 Ke7 27. Qg6 Qe8 28. Qxe8+ Raxe8 29. Nxf6 Nxf6 30. Rc7+ Kd6 31. Rxb7 Rc8 32. Bd3 Rh8 33. Rxg7 Nd5 34. h3 Nb4 35. Bb5 Kd5 36. a3 Rb8 37. Be2 Nc6 38. Bd3 e5 39. Rd7+ Ke6 40. Bf5+ Kf6 41. Be4+ Ke6 42. Bxc6 exd4 43. exd4 Rb6 44. d5+ Ke5 45. Rxa7 Rh4 46. Re7+ Kd6 47. Re6+ Kc5 48. Kc2 Rc4+ 49. Rc3 1-0

[Event "Graz op 18th"]
[Site "Graz"]
[Date "2011.08.27"]
[Round "1"]
[White "Poetz, Florian"]
[Black "Wagner, Oliver"]
[Result "1-0"]
[WhiteElo "2416"]
[BlackElo "2111"]
[PlyCount "59"]
[EventDate "2011.08.27"]
[EventType "swiss"]
[EventRounds "9"]
[EventCountry "AUT"]
[SourceTitle "CBM 144 Extra"]
[Source "ChessBase"]
[SourceDate "2011.10.28"]
[SourceVersion "1"]
[SourceVersionDate "2011.10.28"]
[SourceQuality "1"]

1. e4 e6 2. d4 d5 3. Nd2 Nf6 4. e5 Nfd7 5. f4 c5 6. c3 Nc6 7. Ndf3 Qb6 8. g3 f6 9. a3 cxd4 10. cxd4 Be7 11. Bh3 fxe5 12. fxe5 0-0 13. b3 Ndxe5 14. dxe5 Nxe5 15. Ra2 Bf6 16. Kf1 Bd7 17. Kg2 Rad8 18. Rf2 Nc6 19. Ne2 d4 20. Rhf1 e5 21. Bxd7 Rxd7 22. Qd3 h6 23. g4 Rdf7 24. Ng3 Qc5 25. Qe4 Nd8 26. h4 Qc6 27. g5 hxg5 28. hxg5 Be7 29. g6 Rf6 30. Qh4 1-0

[Event "Ratten op 18th"]
[Site "Ratten"]
[Date "2011.06.05"]
[Round "5"]
[White "Wagner, Oliver"]
[Black "Stitz, Daniel"]
[Result "1-0"]
[WhiteElo "2121"]
[BlackElo "1930"]
[PlyCount "93"]
[EventDate "2011.06.02"]
[EventType "swiss"]
[EventRounds "5"]
[EventCountry "AUT"]
[SourceTitle "CBM 143 Extra"]
[Source "ChessBase"]
[SourceDate "2011.08.29"]
[SourceVersion "1"]
[SourceVersionDate "2011.08.29"]
[SourceQuality "1"]

1. d4 Nf6 2. c4 e5 3. dxe5 Ng4 4. Bf4 Nc6 5. Nf3 Bc5 6. e3 Qe7 7. Nc3 Bb4 8. Qd5 f6 9. e6 dxe6 10. Qh5+ g6 11. Qxg4 e5 12. Qg3 exf4 13. Qxf4 g5 14. Qg3 Bxc3+ 15. bxc3 Qa3 16. Nd2 Qxc3 17. Rd1 Nb4 18. Be2 Nc2+ 19. Kf1 0-0 20. h4 Qe5 21. Qxe5 fxe5 22. Kg1 g4 23. Ne4 Bf5 24. Nc5 g3 25. fxg3 Nxe3 26. Rd2 Rad8 27. Rxd8 Rxd8 28. Kf2 Nc2 29. g4 Bc8 30. Rd1 Rf8+ 31. Kg3 Ne3 32. Rd3 Nxc4 33. Rd5 Nd6 34. Rxe5 b6 35. Ne4 Nxe4+ 36. Rxe4 Kg7 37. Bc4 Rd8 38. Re7+ Kf6 39. Rxc7 h5 40. g5+ Ke5 41. g6 Bf5 42. g7 Bh7 43. Rxa7 Rc8 44. Bb3 Rc6 45. Re7+ Kf6 46. Rd7 Ke5 47. Rd5+ 1-0